Battling Boy / (Record no. 129576)
[ view plain ]
| 000 -LEADER | |
|---|---|
| fixed length control field | 01535 am a2200445 i 4500 |
| 001 - CONTROL NUMBER | |
| control field | ocn857717685 |
| 003 - CONTROL NUMBER IDENTIFIER | |
| control field | OCoLC |
| 005 - DATE AND TIME OF LATEST TRANSACTION | |
| control field | 20260330180410.0 |
| 008 - FIXED-LENGTH DATA ELEMENTS--GENERAL INFORMATION | |
| fixed length control field | 130903s2013 nyua c 6 000 0 eng |
| 010 ## - LIBRARY OF CONGRESS CONTROL NUMBER | |
| LC control number | 2013030815 |
| 016 7# - NATIONAL BIBLIOGRAPHIC AGENCY CONTROL NUMBER | |
| Record control number | 016461755 |
| Source | Uk |
| 020 ## - INTERNATIONAL STANDARD BOOK NUMBER | |
| International Standard Book Number | 9781596438057 (hbk.) |
| 020 ## - INTERNATIONAL STANDARD BOOK NUMBER | |
| International Standard Book Number | 1596438053 (hbk.) |
| 020 ## - INTERNATIONAL STANDARD BOOK NUMBER | |
| International Standard Book Number | 9781596431454 (pbk.) |
| 020 ## - INTERNATIONAL STANDARD BOOK NUMBER | |
| International Standard Book Number | 1596431458 (pbk.) |
| 035 ## - SYSTEM CONTROL NUMBER | |
| System control number | (OCoLC)ocn857717685 |
| 035 ## - SYSTEM CONTROL NUMBER | |
| System control number | (OCoLC)857717685 |
| 040 ## - CATALOGING SOURCE | |
| Original cataloging agency | DLC |
| Description conventions | rda |
| Language of cataloging | eng |
| Transcribing agency | DLC |
| Modifying agency | IG# |
| -- | OCLCO |
| -- | YDXCP |
| -- | BTCTA |
| -- | BDX |
| -- | WIM |
| -- | UKMGB |
| -- | CNSAP |
| -- | CO2 |
| -- | WIQ |
| -- | NUI |
| -- | ZCU |
| 043 ## - GEOGRAPHIC AREA CODE | |
| Geographic area code | n-us--- |
| 049 ## - LOCAL HOLDINGS (OCLC) | |
| Holding library | IUPB |
| 050 00 - LIBRARY OF CONGRESS CALL NUMBER | |
| Classification number | PZ7.7.P665 |
| Item number | Bat 2013 |
| 082 00 - DEWEY DECIMAL CLASSIFICATION NUMBER | |
| Classification number | 741.5/973 |
| Edition number | 23 |
| 100 1# - MAIN ENTRY--PERSONAL NAME | |
| Personal name | Pope, Paul. |
| 9 (RLIN) | 55628 |
| 245 10 - TITLE STATEMENT | |
| Title | Battling Boy / |
| Statement of responsibility, etc | Paul Pope ; color by Hilary Sycamore. |
| 250 ## - EDITION STATEMENT | |
| Edition statement | First edition. |
| 300 ## - PHYSICAL DESCRIPTION | |
| Extent | 199 pages : |
| Other physical details | chiefly color illustrations ; |
| Dimensions | 23 cm |
| 520 ## - SUMMARY, ETC. | |
| Summary, etc | A twelve-year-old demigod is sent to help the people of Arcopolis, a city infested with monsters. |
| 650 #0 - SUBJECT ADDED ENTRY--TOPICAL TERM | |
| Topical term or geographic name as entry element | Superheroes |
| Form subdivision | Comic books, strips, etc. |
| 650 #0 - SUBJECT ADDED ENTRY--TOPICAL TERM | |
| Topical term or geographic name as entry element | Gods |
| Form subdivision | Comic books, strips, etc. |
| 9 (RLIN) | 55629 |
| 650 #0 - SUBJECT ADDED ENTRY--TOPICAL TERM | |
| Topical term or geographic name as entry element | Monsters |
| Form subdivision | Comic books, strips, etc. |
| 650 #1 - SUBJECT ADDED ENTRY--TOPICAL TERM | |
| Topical term or geographic name as entry element | Superheroes |
| Form subdivision | Fiction. |
| 650 #1 - SUBJECT ADDED ENTRY--TOPICAL TERM | |
| Topical term or geographic name as entry element | Gods |
| Form subdivision | Fiction. |
| 650 #1 - SUBJECT ADDED ENTRY--TOPICAL TERM | |
| Topical term or geographic name as entry element | Monsters |
| Form subdivision | Fiction. |
| 655 #0 - INDEX TERM--GENRE/FORM | |
| Genre/form data or focus term | Fantasy comic books, strips, etc. |
| 655 #0 - INDEX TERM--GENRE/FORM | |
| Genre/form data or focus term | Comic books, strips, etc. |
| 655 #7 - INDEX TERM--GENRE/FORM | |
| Genre/form data or focus term | Graphic novels. |
| Source of term | lcsh |
| 700 1# - ADDED ENTRY--PERSONAL NAME | |
| Personal name | Sycamore, Hilary. |
| Relator code | colorist |
| 9 (RLIN) | 55630 |
| 856 42 - ELECTRONIC LOCATION AND ACCESS | |
| Materials specified | Discussion guide |
| Uniform Resource Identifier | <a href="http://us.macmillan.com/battlingboy/PaulPope">http://us.macmillan.com/battlingboy/PaulPope</a> |
| 942 ## - ADDED ENTRY ELEMENTS (KOHA) | |
| Source of classification or shelving scheme | Dewey Decimal Classification |
| Koha item type | Book |
| Withdrawn status | Lost status | Source of classification or shelving scheme | Damaged status | Not for loan | Home library | Current library | Date acquired | Total Checkouts | Full call number | Barcode | Date last seen | Cost, replacement price | Price effective from | Koha item type |
|---|---|---|---|---|---|---|---|---|---|---|---|---|---|---|
| Available | Dewey Decimal Classification | Martha's Vineyard High School Library | Martha's Vineyard High School Library | 03/30/2026 | GRAPHIC/FIC/POP | 39844500067812 | 04/07/2026 | 26.00 | 03/30/2026 | Book |
